[Event "European Blitz 2017"]
[Site "Katowice POL"]
[Date "2017.12.15"]
[Round "22.11"]
[White "Moskalenko, Alexander"]
[Black "Jakubowski, Krzysztof"]
[Result "0-1"]
[WhiteTitle "IM"]
[BlackTitle "GM"]
[WhiteElo "2522"]
[BlackElo "2526"]
[WhiteFideId "4155351"]
[BlackFideId "1112848"]
[EventDate "2017.12.15"]
[EventType "blitz"]

1. e4 c5 2. Nf3 d6 3. d4 cxd4 4. Nxd4 Nf6 5. Nc3 a6 6. Be3 e6 7. a4 b6 8. g4 Bb7
9. Bg2 Nfd7 10. g5 Ne5 11. h4 Nc4 12. Bc1 Qc7 13. Nde2 Nd7 14. b3 Na5 15. Be3
Rc8 16. O-O Nc6 17. f4 h6 18. f5 hxg5 19. fxe6 fxe6 20. hxg5 Nce5 21. Bd4 d5 22.
Nf4 Bc5 23. Nce2 Nf8 24. exd5 Bxd5 25. Bxd5 exd5 26. b4 Qd7 27. Ng3 Qg4 28. Ra3
Bxd4+ 29. Qxd4 Nfd7 30. Re3 Kd8 31. Ne2 Qh3 32. Rf2 Rc4 33. Qd2 Rg4 34. Qc3 Qh1# 0-1

[Event "European Blitz 2017"]
[Site "Katowice POL"]
[Date "2017.12.15"]
[Round "22.13"]
[White "Piorun, Kacper"]
[Black "Tomczak, Mikolaj"]
[Result "1-0"]
[WhiteTitle "GM"]
[BlackTitle "FM"]
[WhiteElo "2651"]
[BlackElo "2372"]
[WhiteFideId "1130420"]
[BlackFideId "1175114"]
[EventDate "2017.12.15"]
[EventType "blitz"]

1. e4 c5 2. Nc3 Nc6 3. g3 g6 4. Bg2 Bg7 5. d3 d6 6. Nge2 Nf6 7. h3 O-O 8. Be3
Rb8 9. Qd2 b5 10. Bh6 b4 11. Nd1 e5 12. Bxg7 Kxg7 13. O-O Nd4 14. Ne3 Bb7 15.
Kh2 d5 16. exd5 Nxd5 17. Nc4 f6 18. Nxd4 cxd4 19. a3 bxa3 20. Rxa3 a6 21. Na5
Ba8 22. Nb3 Qd6 23. Rfa1 Nb4 24. Bxa8 Rxa8 25. Ra4 Rab8 26. Nc1 Rb6 27. c3 dxc3
28. bxc3 Nd5 29. Ne2 Rfb8 30. R4a2 Nc7 31. h4 Ne6 32. Qe3 h5 33. Ra5 Rd8 34. c4
Qc6 35. Nc3 Nc7 36. Rc5 Qb7 37. Ne4 Ne6 38. Rca5 Nd4 39. R5a2 Qc6 40. f4 Rdb8
41. Rf1 Rb2+ 42. Rxb2 Rxb2+ 43. Rf2 Rxf2+ 44. Qxf2 Qc7 45. Nxf6 Kxf6 46. fxe5+
Ke6 47. Qxd4 Qxe5 48. Qb6+ Qd6 49. Qe3+ Qe5 50. Qd2 Qd4 51. Qe2+ Kd6 52. Qa2 Ke7
53. Qa3+ Kd7 54. Kg2 Qe3 55. Qa4+ Kc7 56. Qa5+ Kb7 57. Qd5+ Kc7 58. Qf7+ Kc8 59.
Qf8+ Kb7 60. Qf3+ Qxf3+ 61. Kxf3 Kc6 62. d4 a5 63. Ke3 a4 64. Kd3 a3 65. Kc3 1-0

[Event "European Blitz 2017"]
[Site "Katowice POL"]
[Date "2017.12.15"]
[Round "22.14"]
[White "Heberla, Bartlomiej"]
[Black "Brunello, Sabino"]
[Result "0-1"]
[WhiteTitle "GM"]
[BlackTitle "GM"]
[WhiteElo "2555"]
[BlackElo "2553"]
[WhiteFideId "1115120"]
[BlackFideId "813613"]
[EventDate "2017.12.15"]
[EventType "blitz"]

1. e4 e5 2. Nf3 Nc6 3. Bc4 Nf6 4. d3 Be7 5. O-O d6 6. a4 Na5 7. Ba2 c5 8. Nc3
O-O 9. Nd5 Nc6 10. c3 h6 11. Bd2 Be6 12. b4 cxb4 13. cxb4 Bxd5 14. exd5 Nb8 15.
Re1 Re8 16. a5 a6 17. Be3 Nbd7 18. d4 e4 19. Nd2 Bf8 20. f3 exf3 21. Qxf3 Rc8
22. Rac1 Rxc1 23. Rxc1 g6 24. Bb3 Bg7 25. h3 Nh7 26. Ba4 Ng5 27. Qg3 Re7 28. Bf2
Nf6 29. Qb3 Re2 30. Qd3 Re7 31. Bb3 Nfe4 32. Nxe4 Nxe4 33. Bh4 g5 34. Be1 f5 35.
Kh1 Qf8 36. Bc2 Qf6 37. Qf3 Qf7 38. Bd3 Bxd4 39. Rc8+ Kg7 40. Rd8 Qxd5 41. Rc8
Nf6 42. Qxd5 Rxe1+ 43. Kh2 Nxd5 44. Bxf5 Be5+ 45. g3 Re2+ 46. Kg1 Bxg3 47. Rb8
Re7 48. Bc8 Nxb4 49. Bxb7 Be1 50. Bc8 Bc3 51. Kg2 d5 52. Rb6 d4 53. Bf5 d3 54.
Rd6 d2 55. Kf3 Rf7 56. Kg4 h5+ 57. Kxg5 Bf6+ 58. Kxh5 Bc3 59. Kg5 Rxf5+ 60. Kxf5
Nc2 61. Ke4 Nd4 0-1

[Event "European Blitz 2017"]
[Site "Katowice POL"]
[Date "2017.12.15"]
[Round "22.15"]
[White "Plat, Vojtech"]
[Black "Meskovs, Nikita"]
[Result "1-0"]
[WhiteTitle "GM"]
[BlackTitle "GM"]
[WhiteElo "2567"]
[BlackElo "2538"]
[WhiteFideId "325740"]
[BlackFideId "11602740"]
[EventDate "2017.12.15"]
[EventType "blitz"]

1. b3 d6 2. Bb2 e5 3. e3 Nf6 4. d4 exd4 5. Bxd4 Be7 6. Nf3 O-O 7. Bd3 Nc6 8. Bb2
Re8 9. O-O Bg4 10. Nbd2 d5 11. h3 Bh5 12. Be2 Bd6 13. c4 Be7 14. cxd5 Nxd5 15.
Ne4 Bg6 16. Ng3 Ndb4 17. e4 Bc5 18. a3 Na6 19. b4 Naxb4 20. axb4 Nxb4 21. Ne5
Qh4 22. Qb3 a5 23. Qc3 Qe7 24. Nd7 1-0

[Event "European Blitz 2017"]
[Site "Katowice POL"]
[Date "2017.12.15"]
[Round "22.16"]
[White "Neiksans, Arturs"]
[Black "Pavlidis, Antonios"]
[Result "0-1"]
[WhiteTitle "GM"]
[BlackTitle "GM"]
[WhiteElo "2590"]
[BlackElo "2539"]
[WhiteFideId "11601388"]
[BlackFideId "4212312"]
[EventDate "2017.12.15"]
[EventType "blitz"]

1. b3 Nf6 2. Bb2 g6 3. g3 Bg7 4. Bg2 O-O 5. Nf3 d6 6. d4 c5 7. c4 Qa5+ 8. Qd2
Qxd2+ 9. Nbxd2 Nfd7 10. O-O-O a5 11. Nb1 a4 12. Na3 axb3 13. axb3 Nc6 14. d5 Nb4
15. Bxg7 Kxg7 16. Kb2 Nf6 17. Nd2 Bf5 18. Ndb1 Ng4 19. e4 Bd7 20. Rd2 f5 21. f4
g5 22. h3 Ne3 23. Re1 Nxg2 24. Rxg2 Nd3+ 0-1

[Event "European Blitz 2017"]
[Site "Katowice POL"]
[Date "2017.12.15"]
[Round "22.17"]
[White "Bartel, Mateusz"]
[Black "Ladva, Ottomar"]
[Result "1-0"]
[WhiteTitle "GM"]
[BlackTitle "GM"]
[WhiteElo "2609"]
[BlackElo "2522"]
[WhiteFideId "1112635"]
[BlackFideId "4500024"]
[EventDate "2017.12.15"]
[EventType "blitz"]

1. c3 Nf6 2. d4 g6 3. Bg5 Bg7 4. Nd2 O-O 5. e3 c5 6. dxc5 a5 7. Bxf6 Bxf6 8. Ne4
Bg7 9. Qd5 a4 10. h4 a3 11. b4 Nc6 12. Rd1 d6 13. cxd6 Bf5 14. Bd3 Bxe4 15. Bxe4
Bxc3+ 16. Ke2 exd6 17. b5 Nb4 18. Qb3 Qf6 19. Nf3 d5 20. Bxd5 Nxd5 21. Rxd5 Bb2
22. Rhd1 h5 23. Ng5 Rac8 24. Rd6 Rc3 25. Qd5 Rc2+ 26. Rd2 Rxd2+ 27. Qxd2 Qf5 28.
Qd5 Qc2+ 29. Kf3 Bg7 30. Rd7 b6 31. Rxf7 Kh8 32. Rxf8+ 1-0

[Event "European Blitz 2017"]
[Site "Katowice POL"]
[Date "2017.12.15"]
[Round "22.18"]
[White "Rocha, Sergio"]
[Black "Dvirnyy, Danyyil"]
[Result "0-1"]
[WhiteTitle "IM"]
[BlackTitle "GM"]
[WhiteElo "2370"]
[BlackElo "2532"]
[WhiteFideId "1900404"]
[BlackFideId "817570"]
[EventDate "2017.12.15"]
[EventType "blitz"]

1. Nf3 d5 2. c4 c6 3. e3 Nf6 4. b3 g6 5. Bb2 Bg7 6. Be2 O-O 7. O-O Nbd7 8. Qc2
e6 9. Rc1 Re8 10. d4 b6 11. b4 Bb7 12. c5 Ne4 13. Nbd2 Nxd2 14. Qxd2 a5 15. b5
Rc8 16. bxc6 Bxc6 17. Ba6 Ra8 18. cxb6 Rxa6 19. Rxc6 Rxb6 20. Rxb6 Qxb6 21. Ba3
Rb8 22. Rc1 Nf6 23. Qc2 h6 24. h3 Ne4 25. Nd2 Nxd2 26. Qxd2 Bf8 27. Bxf8 Kxf8
28. Rc5 a4 29. Ra5 Qb1+ 30. Kh2 Qb2 31. Qxb2 Rxb2 32. Rxa4 Rxf2 33. Kg3 Rb2 34.
Ra7 g5 35. Kf3 Kg7 36. a4 Kg6 37. a5 Ra2 38. a6 h5 39. Ra8 h4 40. a7 Kf5 41. g4+
hxg3 42. Kxg3 Ra1 43. Kf3 Ra3 44. Kf2 Ke4 45. Ke2 Ra2+ 46. Kf1 Kxe3 47. Kg1 Kxd4 0-1

[Event "European Blitz 2017"]
[Site "Katowice POL"]
[Date "2017.12.15"]
[Round "22.19"]
[White "Sakalauskas, Vaidas"]
[Black "Manik, Mikulas"]
[Result "1/2-1/2"]
[WhiteTitle "IM"]
[BlackTitle "GM"]
[WhiteElo "2351"]
[BlackElo "2415"]
[WhiteFideId "12800457"]
[BlackFideId "14900734"]
[EventDate "2017.12.15"]
[EventType "blitz"]

1. d4 Nf6 2. c4 g6 3. Nc3 Bg7 4. e4 d6 5. Be2 O-O 6. Nf3 e5 7. O-O Nc6 8. d5 Ne7
9. Ne1 Nd7 10. Nd3 f5 11. Bd2 Nf6 12. f3 f4 13. g4 h5 14. g5 Ne8 15. h4 c6 16.
Rf2 a6 17. Kh2 b5 18. b3 Rb8 19. Bf1 Nc7 20. Rc1 c5 21. Nb2 Bd7 22. Qe2 Qc8 23.
Be1 a5 24. cxb5 Nxb5 25. Nxb5 Bxb5 26. Nc4 Qa6 27. a4 Bxc4 28. Qxc4 Qa7 29. Qc3
Rb4 1/2-1/2

[Event "European Blitz 2017"]
[Site "Katowice POL"]
[Date "2017.12.15"]
[Round "22.20"]
[White "Saric, Ivan"]
[Black "Valsecchi, Alessio"]
[Result "0-1"]
[WhiteTitle "GM"]
[BlackTitle "IM"]
[WhiteElo "2669"]
[BlackElo "2501"]
[WhiteFideId "14508150"]
[BlackFideId "818860"]
[EventDate "2017.12.15"]
[EventType "blitz"]

1. e4 e5 2. Nf3 Nc6 3. Nc3 Nf6 4. Bb5 Bd6 5. d3 a6 6. Bxc6 dxc6 7. h3 Nd7 8. Be3
Qe7 9. Ne2 c5 10. g4 b6 11. Ng3 g6 12. Qd2 Bb7 13. O-O-O O-O-O 14. c4 Nf8 15.
Kb1 Ne6 16. h4 Rd7 17. h5 Rhd8 18. Ng5 Nf8 19. hxg6 hxg6 20. Nh7 Ne6 21. g5 f5
22. gxf6 Qf7 23. Rh6 Bf8 24. Nxf8 Nxf8 25. Qc3 Qxf6 26. f4 Ne6 27. f5 Nf8 28. a3
Qg7 29. Ka2 gxf5 30. Nxf5 Qg4 31. Rd2 Ng6 32. Qc1 Nf4 33. Bxf4 Qxf4 34. Qc3 Bxe4
35. Rh4 Qxf5 36. dxe4 Qg5 37. Rxd7 Rxd7 38. Qh3 Qg7 39. Qe6 Kb7 40. Rg4 Qe7 41.
Qg8 Rd8 42. Qg6 Rd4 43. Qg8 Rd8 44. Qg6 Rd1 45. Qg8 Qd6 46. Rg3 Qh6 47. Rc3 Qh1
48. Qg4 Ra1+ 49. Kb3 Qd1+ 50. Qxd1 Rxd1 51. Re3 Rd4 52. Kc3 b5 53. b3 Kb6 54. a4
c6 55. Re2 Ka5 56. axb5 cxb5 57. Ra2+ Kb6 58. Re2 a5 59. cxb5 Kxb5 60. Re1 c4
61. bxc4+ Rxc4+ 62. Kd3 a4 63. Rb1+ Rb4 64. Rc1 a3 65. Rc8 a2 66. Ra8 Ra4 67.
Rb8+ Kc6 68. Rc8+ Kd7 0-1

[Event "European Blitz 2017"]
[Site "Katowice POL"]
[Date "2017.12.15"]
[Round "22.21"]
[White "Ragger, Markus"]
[Black "Sammalvuo, Tapani"]
[Result "1-0"]
[WhiteTitle "GM"]
[BlackTitle "IM"]
[WhiteElo "2657"]
[BlackElo "2416"]
[WhiteFideId "1610856"]
[BlackFideId "501115"]
[EventDate "2017.12.15"]
[EventType "blitz"]

1. e4 e5 2. Nf3 Nc6 3. Bc4 Bc5 4. d3 Nf6 5. Nc3 d6 6. Na4 Bb6 7. O-O h6 8. Nxb6
axb6 9. a4 O-O 10. c3 Be6 11. Bxe6 fxe6 12. g3 Qe8 13. Kg2 b5 14. Bd2 bxa4 15.
Rxa4 Rxa4 16. Qxa4 Qh5 17. Qd1 Nd7 18. Ng1 Qg6 19. Be3 Qf7 20. Qb3 b6 21. Qc4
Ndb8 22. b4 Qd7 23. Qb3 b5 24. Ra1 d5 25. Bc5 Rd8 26. Nf3 Kh7 27. Re1 d4 28.
cxd4 exd4 29. Qc2 Na6 30. Qd2 Nxc5 31. bxc5 Qe7 32. Rc1 e5 33. Nh4 g6 34. Qa2
Rf8 35. Qa6 Qf6 36. Rf1 b4 37. f4 b3 38. Qa3 Rb8 39. fxe5 Qe7 40. Rb1 Nxe5 41.
Rxb3 Rxb3 42. Qxb3 Qxc5 43. Qe6 Qd6 44. Qe8 c5 45. Nf3 Nxf3 46. Kxf3 Qf6+ 47.
Ke2 Qg5 48. Qf7+ Kh8 49. Qf3 Qc1 50. Qf6+ Kh7 51. Qf7+ Kh8 52. Qf3 Qc2+ 53. Ke1
c4 54. dxc4 d3 55. Qe3 Kh7 56. c5 Qc3+ 57. Kd1 Qc2+ 58. Ke1 Qc3+ 59. Qd2 Qxc5
60. Qxd3 Qg1+ 61. Qf1 Qxh2 62. Qf7+ Kh8 63. Qxg6 Qg1+ 64. Ke2 Qg2+ 65. Ke3 Qg1+
66. Kf4 Qc1+ 67. Kf5 Qf1+ 68. Ke5 Qa1+ 69. Kf4 Qf1+ 70. Kg4 Qd1+ 71. Kf5 Qf1+
72. Ke6 Qa6+ 73. Kf7 Qb7+ 74. Kf6 Qa6+ 75. Kf5 Qb5+ 76. Kf4 Qf1+ 77. Ke3 Qc1+
78. Kf2 Qd2+ 79. Kf3 Qd1+ 80. Kg2 Qe2+ 81. Kh3 Qd2 82. Qf5 Kg7 83. e5 Qe1 84.
Qf6+ Kh7 85. Qf4 Qh1+ 86. Kg4 Qd1+ 87. Kf5 Qd7+ 88. e6 Qe7 89. Qe4 Kg7 90. Qe5+
Kh7 91. Kf4 Qb4+ 92. Qe4+ Kg7 1-0

[Event "European Blitz 2017"]
[Site "Katowice POL"]
[Date "2017.12.15"]
[Round "22.22"]
[White "Buhmann, Rainer"]
[Black "Zorko, Jure"]
[Result "0-1"]
[WhiteTitle "GM"]
[BlackTitle "IM"]
[WhiteElo "2584"]
[BlackElo "2457"]
[WhiteFideId "4651340"]
[BlackFideId "14604051"]
[EventDate "2017.12.15"]
[EventType "blitz"]

1. d4 Nf6 2. c4 e6 3. Nf3 d5 4. g3 Bb4+ 5. Bd2 Be7 6. Bg2 O-O 7. O-O Nbd7 8. a4
a5 9. Qc2 Ne4 10. Nc3 Nxd2 11. Nxd2 c6 12. e4 dxe4 13. Ndxe4 f5 14. Nd2 e5 15.
d5 e4 16. Nb3 Nc5 17. Rad1 Qb6 18. Nc1 Bf6 19. Kh1 Qb4 20. f3 Qxc4 21. Qd2 Bxc3
22. bxc3 cxd5 23. Qe3 Be6 24. Rd4 Qa6 25. Rfd1 Qc6 26. c4 dxc4 27. Rd6 Qc7 28.
g4 exf3 29. Bxf3 fxg4 30. Bg2 Rae8 31. Qg3 Qc8 32. Ne2 Nd3 33. R6xd3 cxd3 34.
Qxd3 Bc4 35. Bd5+ Bxd5+ 36. Qxd5+ Kh8 37. Nd4 Rd8 38. Qe5 Rfe8 39. Qf4 Qc4 40.
Qxg4 Qd5+ 41. Kg1 Re4 42. Qg2 Rxd4 0-1

[Event "European Blitz 2017"]
[Site "Katowice POL"]
[Date "2017.12.15"]
[Round "22.23"]
[White "Fedorov, Alexei"]
[Black "Georgiev, Kiril"]
[Result "0-1"]
[WhiteTitle "GM"]
[BlackTitle "GM"]
[WhiteElo "2573"]
[BlackElo "2623"]
[WhiteFideId "13500465"]
[BlackFideId "2900017"]
[EventDate "2017.12.15"]
[EventType "blitz"]

1. e4 e5 2. Nc3 Nf6 3. g3 d5 4. exd5 Nxd5 5. Bg2 Ne7 6. Nf3 Nbc6 7. O-O g6 8. b4
a6 9. a3 Bg7 10. Re1 e4 11. Ng5 f5 12. Bb2 h6 13. Nh3 O-O 14. f3 exf3 15. Qxf3
Qxd2 16. Rad1 Qxc2 17. Re2 Qb3 18. Red2 Kh7 19. Nf4 Be6 20. Nce2 Qxf3 21. Bxf3
Bb3 22. Bxg7 Kxg7 23. Rb1 Bf7 24. Rd7 Rac8 25. b5 Ne5 26. Rxe7 Nxf3+ 27. Kg2 Nd2
28. Rd1 Nc4 29. bxa6 bxa6 30. Rdd7 Kf6 31. Nc3 c6 32. Ra7 a5 33. g4 Rce8 34.
Rec7 Ne3+ 35. Kg3 fxg4 36. Rxc6+ Kg5 37. Rxf7 Rxf7 38. Rxg6+ Kf5 39. Rxh6 Nf1+
40. Kf2 Kg5 41. Rg6+ Kxf4 42. Kxf1 Rc8 43. Ne2+ Kf5 44. Ra6 Kg5+ 45. Ke1 Rf5 46.
Ng3 Re5+ 47. Kd2 Rd8+ 48. Kc3 Re3+ 49. Kc4 Rxa3 50. Ne4+ Kf5 51. Ng3+ Kf4 52.
Rf6+ Ke5 53. Rf5+ Ke6 54. Rh5 Rc8+ 55. Kb5 Ra2 56. Ne4 a4 57. Nc5+ Kf6 58. Ne4+
Ke6 59. Nc5+ Kd6 60. Rh6+ Kd5 61. Nxa4 Rb8+ 62. Nb6+ Ke5 63. Rg6 Kf5 64. Rh6 Kg5
65. Rd6 Rb2+ 66. Kc5 R8xb6 67. Rxb6 Rxb6 0-1

[Event "European Blitz 2017"]
[Site "Katowice POL"]
[Date "2017.12.15"]
[Round "22.24"]
[White "Mastrovasilis, Dimitrios"]
[Black "Licznerski, Lukasz"]
[Result "1-0"]
[WhiteTitle "GM"]
[BlackTitle "FM"]
[WhiteElo "2582"]
[BlackElo "2267"]
[WhiteFideId "4202694"]
[BlackFideId "1179250"]
[EventDate "2017.12.15"]
[EventType "blitz"]

1. e4 c6 2. d4 d5 3. e5 c5 4. dxc5 e6 5. Be3 Ne7 6. c3 Nf5 7. Bd4 Bd7 8. Nf3 Nc6
9. Nbd2 b6 10. Nb3 Nfxd4 11. cxd4 bxc5 12. Nxc5 Qa5+ 13. Qd2 Qxd2+ 14. Kxd2 Nxd4
15. Nxd4 Bxc5 16. Ke3 f6 17. f4 fxe5 18. fxe5 Rb8 19. Rc1 Bxd4+ 20. Kxd4 Rxb2
21. Bd3 O-O 22. Rc7 Ba4 23. Rxa7 Rxa2 24. Rc1 Rxg2 25. Rcc7 Bd1 26. Kc5 Rg5 27.
Kd6 Re8 28. Bb5 Rd8+ 29. Bd7 Bg4 30. Ke7 Rb8 31. Bxe6+ Bxe6 32. Kxe6 Re8+ 33.
Re7 Rd8 34. Rad7 Rxd7 35. Rxd7 h5 36. Rxd5 Rg2 37. Kd7 Rxh2 38. e6 g6 39. e7 Re2
40. e8=Q+ 1-0

[Event "European Blitz 2017"]
[Site "Katowice POL"]
[Date "2017.12.15"]
[Round "22.25"]
[White "Arnaudov, G. Petar"]
[Black "Moranda, Wojciech"]
[Result "0-1"]
[WhiteTitle "GM"]
[BlackTitle "GM"]
[WhiteElo "2439"]
[BlackElo "2593"]
[WhiteFideId "2907127"]
[BlackFideId "1122401"]
[EventDate "2017.12.15"]
[EventType "blitz"]

1. Nf3 Nf6 2. c4 g6 3. Nc3 Bg7 4. e4 d6 5. d4 O-O 6. h3 e5 7. d5 Nh5 8. g3 Qe8
9. Be2 f5 10. exf5 gxf5 11. Nh4 Nf6 12. Qc2 Na6 13. a3 c6 14. Be3 cxd5 15. cxd5
Bd7 16. Bd3 f4 17. Bd2 Nc5 18. Ne4 Nxd3+ 19. Qxd3 Bb5 20. Nxf6+ Rxf6 21. Qe4
fxg3 22. fxg3 Qh5 23. a4 Bd7 24. Be3 Bh6 25. Kd2 Rf2+ 26. Kc3 Qe2 0-1

[Event "European Blitz 2017"]
[Site "Katowice POL"]
[Date "2017.12.15"]
[Round "22.26"]
[White "Hracek, Zbynek"]
[Black "Kyc, Jerzy"]
[Result "1-0"]
[WhiteTitle "GM"]
[WhiteElo "2592"]
[BlackElo "2265"]
[WhiteFideId "300071"]
[BlackFideId "1163922"]
[EventDate "2017.12.15"]
[EventType "blitz"]

1. d4 Nf6 2. Bf4 g6 3. Nc3 d5 4. e3 Bg7 5. Be2 O-O 6. Nb5 Na6 7. Nf3 c6 8. Nc3
Nc7 9. O-O Bf5 10. b4 Rc8 11. a4 Nh5 12. Be5 Nf6 13. a5 Ne4 14. Nxe4 dxe4 15.
Bxc7 Qxc7 16. Nd2 e5 17. c3 exd4 18. cxd4 Rfe8 19. Qb3 b6 20. axb6 axb6 21. Rac1
Qd6 22. Nc4 Qb8 23. Qc2 Bf8 24. Rb1 Bg7 25. Rfc1 Qc7 26. Bf1 Be6 27. g3 h5 28.
h4 f5 29. Nd2 Kh7 30. Ba6 Ra8 31. Bb5 Ra2 32. Qxc6 Qxc6 33. Bxc6 Rd8 34. Nc4 f4
35. gxf4 Bf6 36. Ne5 Bxh4 37. Rf1 Rc8 38. Bxe4 Kh6 39. Kg2 Rc3 40. Kf3 Bf6 41.
Rg1 g5 42. fxg5+ Bxg5 43. Rg2 Raa3 44. Rbg1 Rxe3+ 45. fxe3 Rxe3+ 46. Kf2 Rxe4
47. Rxg5 Rf4+ 48. Ke3 1-0

[Event "European Blitz 2017"]
[Site "Katowice POL"]
[Date "2017.12.15"]
[Round "22.27"]
[White "Kazakovskiy, Valeriy"]
[Black "Alekseev, Evgeny"]
[Result "1-0"]
[WhiteTitle "IM"]
[BlackTitle "GM"]
[WhiteElo "2422"]
[BlackElo "2616"]
[WhiteFideId "13507443"]
[BlackFideId "4138147"]
[EventDate "2017.12.15"]
[EventType "blitz"]

1. d4 d5 2. c4 e6 3. Nf3 Nf6 4. g3 Bb4+ 5. Bd2 Bd6 6. Bg2 O-O 7. O-O c6 8. Qc2
Nbd7 9. Bf4 Bxf4 10. gxf4 b6 11. Ne5 Bb7 12. Nd2 Rc8 13. cxd5 cxd5 14. Qa4 a5
15. Rfc1 Rc7 16. e3 Nxe5 17. fxe5 Nd7 18. f4 Qb8 19. Rxc7 Qxc7 20. Bf1 Rc8 21.
Bd3 Nb8 22. Nf3 Ba6 23. Bxa6 Nxa6 24. Qb5 Nb8 25. Ne1 h6 26. Qe2 Kf8 27. Qf2 Qd7
28. Qe2 Qa4 29. Qd3 g6 30. a3 Qc4 31. Rd1 b5 32. Kf2 Na6 33. Rd2 Qxd3 34. Nxd3
b4 35. axb4 axb4 36. Ke2 b3 37. Kd1 Ke7 38. Nc1 g5 39. Nxb3 g4 40. Rc2 Rb8 41.
Nc1 h5 42. Nd3 Kf8 43. Rg2 Nb4 44. Nc5 Ra8 45. h3 gxh3 46. Rh2 Ra1+ 47. Kd2 Rg1
48. Rxh3 Rg2+ 49. Kc3 Na2+ 50. Kb3 Nc1+ 51. Ka3 Re2 52. b3 Kg7 53. Rxh5 Rxe3 54.
f5 exf5 55. Rxf5 Ne2 56. Rg5+ Kf8 57. Rg4 Rf3 58. Kb4 Ke7 59. Kb5 Nc3+ 60. Kc6
Rf1 61. Rg7 Kf8 62. Rg3 Ne2 63. Rd3 Rc1 1-0

[Event "European Blitz 2017"]
[Site "Katowice POL"]
[Date "2017.12.15"]
[Round "22.28"]
[White "Sieciechowicz, Marcin"]
[Black "Klekowski, Maciej"]
[Result "0-1"]
[WhiteTitle "IM"]
[BlackTitle "IM"]
[WhiteElo "2387"]
[BlackElo "2498"]
[WhiteFideId "1130170"]
[BlackFideId "1132717"]
[EventDate "2017.12.15"]
[EventType "blitz"]

1. d4 Nf6 2. c4 e6 3. Nc3 Bb4 4. e3 O-O 5. Ne2 Re8 6. a3 Bf8 7. d5 exd5 8. cxd5
a5 9. Nf4 Na6 10. Be2 Nc5 11. b3 Bd6 12. O-O Bxf4 13. exf4 d6 14. Be3 Bf5 15. b4
Ncd7 16. Rc1 Re7 17. Bd4 h6 18. Bf3 Ne4 19. Bxe4 Bxe4 20. Re1 Bf5 21. Qd2 axb4
22. axb4 c6 23. Rxe7 Qxe7 24. dxc6 bxc6 25. b5 cxb5 26. Nxb5 Rb8 27. Nc3 Qe6 28.
Re1 Qc4 29. Be3 Nf6 30. h3 Rc8 31. Rc1 Qa6 32. Rd1 Qc4 33. Rc1 Qa6 34. Rd1 Kh7
35. g4 Ne4 36. Nxe4 Bxe4 37. Qd4 d5 38. Re1 Qa5 39. Bd2 Qa3 40. Re3 Qa2 41. Bc3
f6 42. Re1 Qb3 43. Rc1 Rc4 44. Qd2 d4 45. Bxd4 Qf3 0-1

[Event "European Blitz 2017"]
[Site "Katowice POL"]
[Date "2017.12.15"]
[Round "22.29"]
[White "Trent, Lawrence"]
[Black "Janik, Igor"]
[Result "1-0"]
[WhiteTitle "IM"]
[BlackTitle "FM"]
[WhiteElo "2436"]
[BlackElo "2413"]
[WhiteFideId "408638"]
[BlackFideId "1159259"]
[EventDate "2017.12.15"]
[EventType "blitz"]

1. e4 c5 2. b3 Nc6 3. Bb2 Nf6 4. e5 Nd5 5. g3 Nc7 6. Bg2 d5 7. exd6 exd6 8. Nf3
Ne6 9. O-O Be7 10. Nc3 O-O 11. Nd5 Nc7 12. Nxe7+ Qxe7 13. Re1 Qd8 14. d4 Bg4 15.
d5 Ne7 16. h3 Bxf3 17. Qxf3 Ng6 18. h4 f6 19. Qf5 Ne5 20. f4 g6 21. Qh3 Nf7 22.
h5 Kg7 23. Qh4 Nb5 24. Rad1 Rc8 25. c4 Nd4 26. Rxd4 cxd4 27. Bxd4 Nh6 28. Bh3
Nf5 29. Bxf5 gxf5 30. Re6 Qd7 31. Rxf6 Rxf6 32. Qxf6+ Kg8 33. Qh8+ Kf7 34. Qxh7+
Ke8 35. Qg8+ Ke7 36. Qg5+ Ke8 37. h6 Qf7 38. Bg7 1-0

[Event "European Blitz 2017"]
[Site "Katowice POL"]
[Date "2017.12.15"]
[Round "22.30"]
[White "Brodowski, Piotr"]
[Black "Castellanos Rodriguez, Renier"]
[Result "0-1"]
[WhiteTitle "IM"]
[BlackTitle "IM"]
[WhiteElo "2430"]
[BlackElo "2501"]
[WhiteFideId "1124480"]
[BlackFideId "3404650"]
[EventDate "2017.12.15"]
[EventType "blitz"]

1. g3 Nf6 2. Bg2 c5 3. c4 g6 4. Nc3 Bg7 5. a3 Nc6 6. Rb1 a5 7. Nf3 O-O 8. O-O d6
9. h3 Bf5 10. d3 h6 11. e4 Bd7 12. Kh2 Ne8 13. Nb5 a4 14. Be3 Nc7 15. Nc3 Nd4
16. Bxd4 cxd4 17. Ne2 e5 18. Nd2 Ne6 19. f4 Nc5 20. Qc2 h5 21. Nf3 Qe7 22. Nh4
Bf6 23. Nf3 b5 24. Nd2 Rac8 25. fxe5 dxe5 26. Rbe1 Bg5 27. cxb5 Bxb5 28. Nc4
Nxd3 29. Qxd3 Bxc4 30. Qb1 Bd2 31. Rd1 Bxe2 32. Rxd2 Bxf1 33. Bxf1 h4 34. Qe1
Qg5 35. Rg2 Rc1 36. Qf2 hxg3+ 37. Rxg3 Qf4 38. Qxf4 exf4 39. Rf3 Rc2+ 40. Kg1 g5
41. h4 f6 42. Bb5 Rxb2 43. Bxa4 Rc8 44. Rf1 Ra8 45. Bc6 Rxa3 0-1

[Event "European Blitz 2017"]
[Site "Katowice POL"]
[Date "2017.12.15"]
[Round "22.31"]
[White "Kantans, Toms"]
[Black "Tari, Aryan"]
[Result "0-1"]
[WhiteTitle "GM"]
[BlackTitle "GM"]
[WhiteElo "2484"]
[BlackElo "2593"]
[WhiteFideId "11602945"]
[BlackFideId "1510045"]
[EventDate "2017.12.15"]
[EventType "blitz"]

1. e4 c6 2. d4 d5 3. e5 Bf5 4. Nf3 e6 5. Be2 Ne7 6. O-O c5 7. Be3 Nec6 8. dxc5
Nd7 9. c4 dxc4 10. Bxc4 Bxc5 11. Bxc5 Nxc5 12. Nc3 O-O 13. h3 Bd3 14. Bxd3 Qxd3
15. Re1 Rfd8 16. Qe2 Qxe2 17. Rxe2 Rd3 18. Rd1 Rad8 19. Rxd3 Rxd3 20. Kf1 Kf8
21. Ke1 Rd7 22. Kf1 Ke7 23. g3 Nd3 24. h4 h6 25. b3 a6 26. Re4 Rc7 27. Re3 Ndxe5
28. Nxe5 Nxe5 29. Ke2 Rc6 30. a4 Nd7 31. Kd2 Nf6 32. Kc2 Nd5 0-1

[Event "European Blitz 2017"]
[Site "Katowice POL"]
[Date "2017.12.15"]
[Round "22.32"]
[White "Boe, Mads"]
[Black "Miton, Kamil"]
[Result "0-1"]
[WhiteTitle "FM"]
[BlackTitle "GM"]
[WhiteElo "2292"]
[BlackElo "2584"]
[WhiteFideId "1401408"]
[BlackFideId "1111914"]
[EventDate "2017.12.15"]
[EventType "blitz"]

1. e4 c5 2. c3 e6 3. d4 d5 4. e5 Qb6 5. Nf3 Bd7 6. Bd3 Bb5 7. O-O Bxd3 8. Qxd3
Nc6 9. a3 c4 10. Qc2 Nge7 11. Bf4 Na5 12. Nbd2 Qc6 13. Rab1 Nc8 14. h3 h6 15. g4
Nb6 16. Kg2 Be7 17. Be3 Qa4 18. Qc1 O-O-O 19. Nh2 h5 20. f4 hxg4 21. hxg4 g6 22.
Nhf3 Rh7 23. Rh1 Rdh8 24. Rxh7 Rxh7 25. Qd1 Qxd1 26. Rxd1 Na4 27. Rb1 b5 28. Bf2
Kd7 29. Bg3 Rh8 30. Nf1 Nc6 31. Ne3 a5 32. f5 gxf5 33. gxf5 Rg8 34. Kf2 Bxa3 35.
fxe6+ fxe6 36. bxa3 Nxc3 37. Rh1 Ne4+ 38. Ke1 Rxg3 39. Rh7+ Kc8 40. Ke2 b4 41.
axb4 axb4 42. Rh6 b3 0-1